000 00200nam a2200097Ia 4500
008 190216s9999||||xx |||||||||||||| ||und||
100 _aCherukad
245 0 _aNammalonnu
260 _bNull
942 _cBK
999 _c24671
_d24671